Score 0/42 Timer 11:00
1 Play Today
Question Answer Wrong Answers
In what year is the book set? ???
93.9%
???
2.1%
???
1.2%
???
2.8%
What is the nickname of Wade's real world home, which is partially destroyed? ???
92.7%
???
4.2%
???
1.4%
???
1.2%
What is the name of Wade Watts' Avatar? ???
90.9%
???
4.5%
???
2.3%
???
1.1%
Who is the author of 'Ready Player One'? ???
84.1%
???
3.1%
???
3.6%
???
2.4%
What special power does the Quarter grant? ???
79.5%
???
4%
???
3%
???
3.3%
Where is the first key hidden? ???
79.4%
???
5.9%
???
6%
???
4.6%
What does 'IOI' stand for? ???
78.2%
???
2.2%
???
4.2%
???
9.7%
Who is the director of the 2018 'Ready Player One' movie? ???
77.7%
???
3.1%
???
2.8%
???
1.6%
Who is the primary antagonist? ???
77.6%
???
7.3%
???
2.1%
???
5.3%
The Jade Key can be obtained by collecting 19 trophies in a recreation of which game? ???
76.6%
???
8.9%
???
8.6%
???
3.6%
What is the name of the IOI unit tasked with finding Halliday's egg? ???
76.5%
???
8.7%
???
7.8%
???
2.2%
What is the name of Wade's only living relative? ???
76%
???
5.5%
???
6%
???
1.9%
On which planet is Wade's school located? ???
73.4%
???
4%
???
5.5%
???
2.6%
What is the name of the nightclub where Ogden Morrow holds his 73rd birthday party? ???
73.2%
???
5.1%
???
8%
???
10.5%
What is the name of the old lady who lives below Wade's trailer? ???
72.2%
???
6.6%
???
3.2%
???
1.9%
Which movie is NOT significantly referenced in the story? ???
72.1%
???
6.8%
???
5.7%
???
8%
What fake alias does Wade's use to infiltrate IOI? ???
71.9%
???
3.2%
???
8.7%
???
3.8%
To obtain the Copper Key, one must defeat Acererak the Demi-Lich at what game? ???
71.7%
???
5.6%
???
3.2%
???
2.3%
Which artifact transforms the user into Ultraman for three minutes? ???
71.5%
???
4.8%
???
7.2%
???
6.9%
The first gate leads to a simulation of what movie? ???
70.4%
???
5.2%
???
5.7%
???
6%
How much data was stolen from the Sixers database? ???
70.4%
???
4.9%
???
6.6%
???
5.1%
What prize is obtained by beating Pac Man with a perfect score? ???
69.9%
???
5.9%
???
3.6%
???
4.3%
What is Wade's OASIS password? ???
69.3%
???
11.2%
???
6.1%
???
7.1%
Which company developed and operates The OASIS? ???
69.2%
???
18.4%
???
4%
???
3.2%
Where are the OASIS servers located? ???
69%
???
5.7%
???
11.6%
???
2.1%
How many Crystal Keys are required to open the third gate? ???
67.8%
???
5.1%
???
9.7%
???
2.1%
Which main character is killed by IOI in real life? ???
67.6%
???
5.8%
???
3.5%
???
11.2%
What is Wade's middle name? ???
66.9%
???
2.3%
???
14.1%
???
2.9%
What is the name of Aech's private hangout room? ???
65.4%
???
2.1%
???
8.1%
???
6.5%
What fictional place does Ogden Morrow's mansion resemble? ???
65%
???
15.7%
???
6.5%
???
4.4%
What is Sorrento's choice of giant robot? ???
64.6%
???
6.4%
???
7.5%
???
2.7%
Which artifact destroyed Castle Anorrak and half the OASIS population? ???
64.4%
???
3.8%
???
16.1%
???
2.2%
What is James Halliday's favourite band? ???
57%
???
7%
???
17.5%
???
4.4%
What TV show's theme song is referenced by 'Faith. Hope. Charity.' ???
56.3%
???
6.3%
???
14.2%
???
4.7%
Where is the simulated location of Happytime Pizza? ???
54.5%
???
9.1%
???
12.6%
???
14.8%
What is the name of Wade's ship? ???
53.7%
???
17.3%
???
7.7%
???
4.7%
Who is Wade's System Agent Software modeled after? ???
53%
???
17.4%
???
9.3%
???
5.2%
Where does Samantha Cook live? ???
53%
???
17.4%
???
10.4%
???
1.7%
Which object transforms into the Crystal Key? ???
51.1%
???
10.1%
???
13.5%
???
14.1%
Wade uses which maintenance tech alias to escape IOI? ???
45.9%
???
18%
???
10.9%
???
9.4%
What is the password to James Halliday's personal computer? ???
45.3%
???
24.8%
???
7.8%
???
5.2%
What video game is played as the first challenge of the final gate? ???
44.2%
???
15.1%
???
18.3%
???
4.1%
Remove Ads.
Support Sporcle.
Get the best of Sporcle when you Go Orange. This ad-free experience offers more features, more stats, and more fun while also helping to support Sporcle. Thank you for becoming a member.

You're not logged in!

Compare scores with friends on all Sporcle quizzes.
OR
Log In

Sporcle TV

Today on Sporcle TV


Watch our educational content, quiz creation guides, and fun videos on Sporcle TV.

Show Comments

Extras

Top Quizzes Today


Score Distribution

Paid Content

Your Account Isn't Verified!

In order to create a playlist on Sporcle, you need to verify the email address you used during registration. Go to your Sporcle Settings to finish the process.

Report this User

Report this user for behavior that violates our Community Guidelines.

Details: